| 000 | 00587nam a2200241Ia 4500 | ||
|---|---|---|---|
| 008 | 210210b1884 xxu||||| |||| 00| 0 eng d | ||
| 041 | _aeng | ||
| 082 | _a321/74 | ||
| 100 | _aSTUBBS (William) | ||
| 245 | _aConstitutional history of England in its origin and development Vol III | ||
| 260 |
_a _bAt the Clarendon Press _c1884 |
||
| 300 | _a650 | ||
| 650 | _aVol | ||
| 650 | _aorigin | ||
| 650 | _aits | ||
| 650 | _aIII | ||
| 650 | _ahistory | ||
| 650 | _aEngland | ||
| 650 | _adevelopment | ||
| 650 | _aConstitutional | ||
| 690 | _aPolitical Science | ||
| 906 | _a003391 | ||
| 999 |
_c121077 _d121077 |
||